000 00252nam a22001097a 4500
003 OSt
008 231114b |||||||| |||| 00| 0 eng d
041 _amal
100 _aParameswaran Nair, M.
_95631
245 _aVazhipizhacha santhathikal /
942 _cBK
999 _c17858
_d17858